000 01052nam a2200241 a 4500
001 74130
003 BD-RjUL
005 20211209082511.0
008 180305s2017 bg ||||| |||| 00| 1 ben d
020 _a9789847602349
_cTk. 175.00
035 _a(BD-RjUL)74348
040 _aBD-RjUL
_beng
_cBD-RjUL
041 _aben
082 _223
_a891.233
_bDOD 2017
100 1 _aদন্তি
_9220383
245 1 0 _aদশকুমারচরিত : (সংস্কৃত সাহিত্যের রোমাঞ্চ উপন্যাস) /
_cদন্তি ; সম্পাদক, মঞ্জুলা চৌধুরী
300 _a১১০ পৃ. ;
_c২২ সেমি.
505 _aনির্বচিত অংশ (রাজবাহনচরিতম ও উপহারবর্মাচরিতম) /
650 _aসংস্কৃত সাহিত্য
_vউপন্যাস
_9220384
650 _aSanskrit Literature
_vFiction
_9220385
700 _a চৌধুরী, মঞ্জুলা
_9220386
942 _2ddc
_cBK
999 _c74130
_d74130